000
00252aas a2200097 4500
008
240110b |||||||| |||| 00| 0 eng d
022
_a
1391-393X
245
_a
இஸ்லாமிய சிந்தனை= Islamic thought
260
_c
1999
942
_c
CR
999
_c
4613
_d
4613